Juden in der deutschen und französischen Literatur zwischen 1870 und 1914: eine Biographie
| Main Author: | |
|---|---|
| Format: | Print Article |
| Language: | German |
| Check availability: | HBZ Gateway |
| Interlibrary Loan: | Interlibrary Loan for the Fachinformationsdienste (Specialized Information Services in Germany) |
| Published: |
1994
|
| In: |
Judaica
Year: 1994, Volume: 50, Issue: 2/3, Pages: 141-150 |
| Standardized Subjects / Keyword chains: | B
France
/ Deutschland (boat, 1866-1875)
/ Jews (Motif)
/ Literature
/ History 1870-1914
B Judaism / Modern age |
| RelBib Classification: | BH Judaism |
| Further subjects: | B
Literature
B Bibliography |
MARC
| LEADER | 00000caa a22000002c 4500 | ||
|---|---|---|---|
| 001 | 1628811552 | ||
| 003 | DE-627 | ||
| 005 | 20220616101753.0 | ||
| 007 | tu | ||
| 008 | 121113s1994 gw ||||| b 00| ||ger c | ||
| 035 | |a (DE-627)1628811552 | ||
| 035 | |a (DE-576)374574146 | ||
| 035 | |a (DE-599)BSZ374574146 | ||
| 040 | |a DE-627 |b ger |c DE-627 |e rakwb | ||
| 041 | |a ger | ||
| 044 | |c XA-DE | ||
| 084 | |a 0 |2 ssgn | ||
| 084 | |a 1 |2 ssgn | ||
| 100 | 1 | |0 (DE-588)112933912 |0 (DE-627)601608569 |0 (DE-576)307320650 |4 aut |a Domhardt, Yvonne |d 1960- | |
| 109 | |a Domhardt, Yvonne 1960- | ||
| 245 | 1 | 0 | |a Juden in der deutschen und französischen Literatur zwischen 1870 und 1914 |b eine Biographie |c von Yvonne Domhardt |
| 264 | 1 | |c 1994 | |
| 336 | |a Text |b txt |2 rdacontent | ||
| 337 | |a ohne Hilfsmittel zu benutzen |b n |2 rdamedia | ||
| 338 | |a Band |b nc |2 rdacarrier | ||
| 601 | |a Deutsche | ||
| 601 | |a Franzosen | ||
| 650 | 0 | 7 | |0 (DE-588)4006432-3 |0 (DE-627)104814519 |0 (DE-576)208865578 |a Bibliografie |2 gnd |
| 650 | 0 | 7 | |0 (DE-588)4035964-5 |0 (DE-627)106245015 |0 (DE-576)209015608 |a Literatur |2 gnd |
| 652 | |a BH | ||
| 655 | 7 | |a Bibliografie |0 (DE-588)4006432-3 |0 (DE-627)104814519 |0 (DE-576)208865578 |2 gnd-content | |
| 689 | 0 | 0 | |d g |0 (DE-588)4018145-5 |0 (DE-627)106327232 |0 (DE-576)208922857 |2 gnd |a Frankreich |
| 689 | 0 | 1 | |d g |0 (DE-588)4011882-4 |0 (DE-627)104704861 |0 (DE-576)208896155 |2 gnd |a Deutschland |
| 689 | 0 | 2 | |d s |0 (DE-588)4123469-8 |0 (DE-627)105754935 |0 (DE-576)209560002 |2 gnd |a Juden |g Motiv |
| 689 | 0 | 3 | |d s |0 (DE-588)4035964-5 |0 (DE-627)106245015 |0 (DE-576)209015608 |2 gnd |a Literatur |
| 689 | 0 | 4 | |q z |2 gnd |a Geschichte 1870-1914 |
| 689 | 0 | |5 (DE-627) | |
| 689 | 1 | 0 | |d s |0 (DE-588)4114087-4 |0 (DE-627)104603151 |0 (DE-576)20948182X |2 gnd |a Judentum |
| 689 | 1 | 1 | |d s |0 (DE-588)4171678-4 |0 (DE-627)104563478 |0 (DE-576)209938560 |2 gnd |a Neuzeit |
| 689 | 1 | |5 (DE-627) | |
| 773 | 0 | 8 | |i In |t Judaica |d Zürich : Zürcher Institut für Interreligiösen Dialog (ZIID), 1945 |g 50(1994), 2/3, Seite 141-150 |w (DE-627)130097241 |w (DE-600)501373-2 |w (DE-576)015629856 |x 0022-572X |7 nnas |
| 773 | 1 | 8 | |g volume:50 |g year:1994 |g number:2/3 |g pages:141-150 |
| 935 | |a mteo |a BIIN | ||
| 951 | |a AR | ||
| BIB | |a 1 | ||
| ELC | |b 1 | ||
| ITA | |a 1 |t 1 | ||
| LOK | |0 000 xxxxxcx a22 zn 4500 | ||
| LOK | |0 001 3275315722 | ||
| LOK | |0 003 DE-627 | ||
| LOK | |0 004 1628811552 | ||
| LOK | |0 005 20160405105957 | ||
| LOK | |0 008 160404||||||||||||||||ger||||||| | ||
| LOK | |0 040 |a DE-Tue135 |c DE-627 |d DE-Tue135 | ||
| LOK | |0 092 |o n | ||
| LOK | |0 852 |a DE-Tue135 | ||
| LOK | |0 852 1 |9 00 | ||
| LOK | |0 935 |a ixzs |a ixmi | ||
| LOK | |0 939 |a 04-04-16 |b l01 | ||
| LOK | |0 000 xxxxxcx a22 zn 4500 | ||
| LOK | |0 001 3275315749 | ||
| LOK | |0 003 DE-627 | ||
| LOK | |0 004 1628811552 | ||
| LOK | |0 005 20190311190000 | ||
| LOK | |0 008 190311||||||||||||||||ger||||||| | ||
| LOK | |0 035 |a (DE-Tue135-1)61164 | ||
| LOK | |0 040 |a DE-Tue135-1 |c DE-627 |d DE-Tue135-1 | ||
| LOK | |0 852 |a DE-Tue135-1 | ||
| LOK | |0 852 1 |c FTHNT097531/50/DTY |m p |9 00 | ||
| LOK | |0 852 2 |b Z 4/441 |9 00 | ||
| LOK | |0 935 |a iZSA | ||
| LOK | |0 936ln |0 1442043520 |a BH | ||
| LOK | |0 938 |k p | ||
| LOK | |0 939 |a 11-03-19 |b l12 | ||
| ORI | |a SA-MARC-ixtheoa001.raw | ||
| REF | |a Literaturgeschichte,Literaturmotiv | ||
| REL | |a 1 | ||
| STA | 0 | 0 | |a Bibliography,Bibliography,Deutschland (boat, 1866-1875),Germany,Germany,Germany,Germany,German Federal Republic (motif),Germany,Germany,Germany,Germany,Germany,Germany,German Democratic Republic,Germany,Federal Republic of Germany,Germany,Germany,Germany,Soviet Occupation Zone,French Occupation Zone,France,France,France,France,France,France,Northern France,Southern France,Occitania,Western France,Northeastern France,Eastern France,Judaism,Judaism,Judaism in literature,Literature,Literature,Belles-lettres,Modern age,Early modern period |
| STB | 0 | 0 | |a Bibliographie,Bibliographie,Deutschland (bateau, 1866-1875),Allemagne,Allemagne,République fédérale d'Allemagne (motif),Judaïsme,Judaïsme,Littérature,Littérature,Ère moderne,Temps modernes,Temps modernes |
| STC | 0 | 0 | |a Alemania,Alemania,Bibliografía,Bibliografías críticas,Edad Moderna,Judaísmo,Judaísmo,Literatura,Literatura |
| STD | 0 | 0 | |a Bibliografia,Ebraismo,Ebraismo,Età moderna,Germania,Germania,Letteratura,Letteratura |
| STE | 0 | 0 | |a 参考书目,索引,书目,德国,德国,文学,犹太教,犹太教,现代,近代 |
| STF | 0 | 0 | |a 參考書目,索引,書目,德國,德國,文學,猶太教,猶太教,現代,近代 |
| STG | 0 | 0 | |a Alemanha,Alemanha,Bibliografia,Idade Moderna,Judaísmo,Judaísmo,Literatura,Literatura |
| STH | 0 | 0 | |a Библиография,Германия (ГДР, мотив),Германия (мотив),Иудаизм (мотив),Иудаизм,Литература (мотив),Литература,Новое время |
| STI | 0 | 0 | |a Βιβλιογραφία,Γερμανία (ΛΔΓ, μοτίβο),Γερμανία (μοτίβο),Ιουδαϊσμός (μοτίβο),Ιουδαϊσμός,Λογοτεχνία (μοτιβο),Λογοτεχνία,Νεότερη Εποχή,Νεότεροι Χρόνοι |
| SUB | |a BIB |a REL | ||
| SYE | 0 | 0 | |a Bibliographie,Abstract,Bücherverzeichnis,Literaturdokumentation,Literaturverzeichnis,Publikationen,Repertorium,Werke,Bibliografien,Bibliographien , Belletristik,Dichtung,Literarisches Kunstwerk,Schöne Literatur,Sprachkunst,Sprachliches Kunstwerk,Wortkunst,Belletristik,Dichtung,Schöne Literatur,Sprachkunst,Wortkunst |
| SYG | 0 | 0 | |a France , France,La France,République Française,France,Francija,Französische Republik,Empire Français,République Française,France,Royaume Français,Fränkische Republik,Frankreich,Frankreich,Ṣārfat,Repubblica Francese , DDR,Deutsche Demokratische Republik,Germany,Amerikanische Zone Deutschlands,BRD,Britische Zone Deutschlands,Bundesrepublik Deutschland,Französische Zone Deutschlands,Vereinigtes Wirtschaftsgebiet Deutschlands,BRD,Bundesrepublik Deutschland , Vereinigtes Wirtschaftsgebiet,Bizone,Verwaltung des Vereinigten Wirtschaftsgebietes,Französische Zone,Zone Française d'Occupation,Französische Besatzungszone,ZFO,Britische Zone,British occupation zone,Britische Besatzungszone,British Zone of Control,Britisches Kontrollgebiet,British Element,Britisches Element,Sowjetische Zone,Russische Zone,Sowjetische Besatzungszone,Russische Besatzungszone,Sowjetische Besatzungszone Deutschlands,Sowjetische Besatzungszone in Deutschland,Sowjetisch Besetzte Zone,Sowjetzone,Ostzone,SBZ,Länder,Westliche Bundesländer,Alte Bundesländer,Deutschland,Westdeutschland,Deutschland,Westzonen,Westliche Besatzungszonen,Trizone,Östliche Bundesländer,Neue Bundesländer,Länder,Deutschland,Ostdeutschland,Deutschland,Deutschland,Amerikanische Zone,American occupation zone,Amerikanische Besatzungszone,ABZ,United States Area of Control,Amerikanisches Kontrollgebiet,U.S. zone of occupation,United States Zone,U.S. Zone,US-Zone,Alemanha,Alemania,Allemagne,Almanija,Almāniyā,Bondsrepubliek Duitsland,BRD,BRD,Bundesrepublik Deutschland,Deutschland,Deutschland,Federal Republic of Germany,Förbundsrepubliken Tyskland,Förbundsrepublikken Tyskland,FRG,Germany,Németországi Szövetségi Kőztársaság,Niemiecka Republika Federalna Niemiecka Republika Federalna,NRF,Repubblica Federale di Germania,Republic of Germany,República Federal da Alemanha,República Federal de Alemania,Republik Federasi Djerman,Republika Federalna Niemiec,République Fédérale d'Allemagne,RFN,Saksan Liittotasavalta,Westdeutschland,Deutsche Demokratische Republik,DDR,Deutschland,German Democratic Republic,GDR,République Démocratique Allemande,RDA,Germanskaja Demokratičeskaja Respublika,Demokratičeskaja Respublika,Democratic Republic,Demokratische Republik,Niemiecka Republika Demokratyczna,NRD,Ǧumhūrīyat Almāniyā ad-Dīmuqrāṭīya,República Democrática Alemana,Saksan Demokraattisen Tasavallan,Repubblica Democratica Tedesca,Mitteldeutschland,Ostdeutschland,East Germany,Ostzone,Deutsche Länder,Germany,Heiliges Römisches Reich,Rheinbund,Deutscher Bund,Norddeutscher Bund,Deutsches Reich,Deutschland,Deutschland,BRD,Federal Republic of Germany,Republic of Germany,Allemagne,Ǧumhūrīyat Almāniyā al-Ittiḥādīya,Bundesrepublik Deutschland,BRD,Niemcy,République Fédérale d'Allemagne,Repubblica Federale di Germania,Germanija,Federativnaja Respublika Germanija,FRG,Deyizhi-Lianbang-Gongheguo , Jews,Jüdinnen,Jude,Jüdin,Jude , Belletristik,Dichtung,Literarisches Kunstwerk,Schöne Literatur,Sprachkunst,Sprachliches Kunstwerk,Wortkunst,Belletristik,Dichtung,Schöne Literatur,Sprachkunst,Wortkunst , Judaism,Judaismus,Jüdische Religion,Zionism,Zionismus,Jüdische Religion,Judaismus,Jüdische Religion,Judaismus , Modern history,Early modern era,Frühe Neuzeit |
| TIM | |a 100018700101_100019141231 |b Geschichte 1870-1914 | ||



